000
00267nam a22001217a 4500
003
SGT
082
_a
617.3
_b
A07H
100
_a
HAMBLEN, DAVID L.
245
_a
ADAMS'S OUTLINE OF FRACTURES
260
_a
INDIA
_b
ELSEVIER
_c
2007
300
_a
328
942
_2
ddc
_c
BK
_0
3
999
_c
14886
_d
14886